| Tag |
First Indicator |
Second Indicator |
Subfields |
| LEADER |
00000cam a22000004a 4500 |
| 001 |
in00002175621 |
| 005 |
20151104053522.0 |
| 008 |
060224s2006 ctu b 000 0 eng |
| 010 |
|
|
|a 2006006668
|
| 020 |
|
|
|a 1593115032 (pbk.)
|
| 020 |
|
|
|a 1593115040
|
| 024 |
3 |
|
|a 9781593115036
|
| 035 |
|
|
|a (OCoLC)ocm64453374
|
| 040 |
|
|
|a DLC
|c DLC
|d BAKER
|d C#P
|d UtOrBLW
|
| 042 |
|
|
|a pcc
|
| 043 |
|
|
|a n-us---
|
| 049 |
|
|
|a TXAM
|
| 050 |
0 |
0 |
|a LB2346
|b .S83 2006
|
| 082 |
0 |
0 |
|a 378.1/9590973
|2 22
|
| 245 |
0 |
0 |
|a Student governance and institutional policy :
|b formation and implementation /
|c edited by Michael Miller and Daniel P. Nadler.
|
| 264 |
|
1 |
|a Greenwich, Conn. :
|b IAP--Information Age Pub. Inc.,
|c [2006]
|
| 264 |
|
4 |
|c ©2006
|
| 300 |
|
|
|a xii, 126 pages ;
|c 24 cm.
|
| 336 |
|
|
|a text
|b txt
|2 rdacontent
|
| 337 |
|
|
|a unmediated
|b n
|2 rdamedia
|
| 338 |
|
|
|a volume
|b nc
|2 rdacarrier
|
| 490 |
1 |
|
|a Educational policy in the 21st century
|
| 504 |
|
|
|a Includes bibliographical references.
|
| 505 |
0 |
|
|a The role of student government: perceptions and expectations / Morolaké O. Laosebikan-Buggs -- Student involvement in governance : rationale, problems, and opportunities / Michael T. Miller and Daniel Nadler -- Effects and assessment of student involvement in campus governance / Nathaniel J. Bray -- Student judicial governance : history, issues, and recommendations for practice / Michael S. Harris and Beverly G. Dyera -- A case of student governance : is this any way to run a college? / Randall Brumfeld -- The role of typical a student government / Robert Mackey -- Increasing student participation in self-governance : the recommendations of student leaders / Jennifer Miles and Michael Miller -- Involvement of student trustees in governance : tokenism or substance? / Houston D. Davis -- Trustees and students as a team : truth or misguided perceptions? / Derrick Manns -- Student self-governance and learning communities / Wanda Hadley and Julie Morrison -- Putting it all together : making student government work / Jacob Murdock.
|
| 650 |
|
0 |
|a College student government
|z United States.
|
| 650 |
|
0 |
|a Universities and colleges
|z United States
|x Administration.
|
| 700 |
1 |
|
|a Miller, Michael T.
|
| 700 |
1 |
|
|a Nadler, Daniel P.
|
| 830 |
|
0 |
|a Educational policy in the 21st century.
|
| 938 |
|
|
|a Baker & Taylor
|b BKTY
|c 39.95
|d 39.95
|i 1593115032
|n 0006755323
|s active
|
| 938 |
|
|
|a Baker & Taylor
|b BKTY
|c 73.25
|d 73.25
|i 1593115040
|n 0006755324
|s active
|
| 945 |
|
|
|i PromptCat
|
| 947 |
|
|
|a A14834121461
|
| 948 |
|
|
|a cataloged
|b h
|c 2006/6/15
|d c
|e achopde
|f 11:59:53 am
|
| 994 |
|
|
|a 92
|b TXA
|
| 999 |
|
|
|a MARS
|
| 999 |
f |
f |
|s bc6db4b1-864e-3961-a73c-b03c2eca6396
|i c702218b-9287-3502-ae2f-32e701e99381
|t 0
|
| 952 |
f |
f |
|p normal
|a Texas A&M University
|b College Station
|c Sterling C. Evans Library
|d Evans: Library Stacks
|t 0
|e LB2346 .S83 2006
|h Library of Congress classification
|i unmediated -- volume
|m A14834121461
|
| 998 |
f |
f |
|a LB2346 .S83 2006
|t 0
|l Evans: Library Stacks
|